[Event "8th Amsterdam Summer Open-A 2018"]
[Site "Amsterdam"]
[Date "2018.07.13"]
[Round "7"]
[White "Kokje, Joris"]
[Black "Van Baar, Esper"]
[Result "1/2-1/2"]
[WhiteElo "2242"]
[BlackElo "2252"]
[Annotator "NA"]
[PlyCount "107"]
[EventDate "2018.07.07"]
[EventType "swiss"]
[EventCountry "NED"]
[SourceTitle "playchess.com"]
[Source "ChessBase"]
[SourceQuality "1"]
[TimeControl "40/5400+30:1800+30"]

1. d4 {[%emt 0:00:00]} d6 {[%emt 0:00:00]} 2. c4 {[%emt 0:00:00]} e5 {[%emt 0:00:00]} 3. Nc3 {[%emt 0:00:00]} exd4 {[%emt 0:00:00]} 4. Qxd4 {[%emt 0:00:00]} Nc6 {[%emt 0:00:38]} 5. Qd2 {[%emt 0:00:03]} Nf6 {[%emt 0:00:57]} 6. b3 {[%emt 0:00:23]} a5 {[%emt 0:01:42]} 7. a3 {[%emt 0:12:20]} g6 {[%emt 0:04:18]} 8. Bb2 {[%emt 0:01:45]} Bg7 {[%emt 0:04:40]} 9. g3 {[%emt 0:00:40]} (9. Nf3 $11 {remains equal.}) 9... O-O {[%emt 0:01:35]} 10. Bg2 {[%emt 0:01:18]} Re8 {[%emt 0:09:15]} 11. Nh3 {[%emt 0:05:11] [#]} (11. a4 $17) 11... Bf5 $11 {[%emt 0:09:35]} (11... a4 $1 $19 {[%mdl 512]} 12. Nxa4 (12. bxa4 Ne5) 12... Bxh3 13. Bxh3 Ne4) 12. Nf4 {[%emt 0:06:47]} Nd7 {[%emt 0:09:24]} 13. Nb5 {[%emt 0:07:18]} Nc5 {[%emt 0:04:09]} 14. Bxg7 {[%emt 0:00:41]} Kxg7 {[%emt 0:00:12]} 15. Qb2+ {[%emt 0:02:38]} f6 {[%emt 0:01:22]} 16. O-O {[%emt 0:00:30]} Na6 {[%emt 0:13:44]} 17. Rad1 {[%emt 0:07:29]} Rc8 {[%emt 0:02:06]} 18. Bxc6 {[%emt 0:08:52]} bxc6 {[%emt 0:00:04]} 19. Na7 {[%emt 0:00:14]} Ra8 {[%emt 0:01:23]} 20. Nxc6 {[%emt 0:00:08]} Qd7 {[%emt 0:00:12]} 21. Nd4 {[%emt 0:00:37]} Be4 {[%emt 0:00:53]} 22. f3 {[%emt 0:01:46]} Bb7 {[%emt 0:00:03]} 23. e4 {[%emt 0:01:03]} Qe7 {[%emt 0:03:25]} 24. Nd5 {[%emt 0:08:03]} Qf7 {[%emt 0:05:07]} 25. h4 {[%emt 0:03:14]} c6 {[%emt 0:01:39]} 26. Nf4 {[%emt 0:03:48]} Rab8 {[%emt 0:00:53]} 27. Qc3 {[%emt 0:00:55]} Nc5 {[%emt 0:04:27]} 28. h5 {[%emt 0:04:31]} Nd7 {[%emt 0:02:23]} 29. Kg2 {[%emt 0:01:26]} Ne5 {[%emt 0:00:17]} 30. Rh1 {[%emt 0:00:33]} Bc8 {[%emt 0:09:57]} 31. hxg6 {[%emt 0:04:10]} hxg6 {[%emt 0:00:07]} 32. Rh2 {[%emt 0:01:35]} Rh8 {[%emt 0:01:21]} 33. Rxh8 {[%emt 0:00:14]} Kxh8 {[%emt 0:00:01]} 34. Rh1+ {[%emt 0:00:08]} Kg7 {[%emt 0:01:02]} 35. Qxa5 {[%emt 0:01:37]} g5 {[%emt 0:00:41]} 36. Nh5+ {[%emt 0:01:06]} Kg6 {[%emt 0:00:04]} 37. f4 {[%emt 0:00:47]} gxf4 {[%emt 0:01:26]} 38. Nxf4+ {[%emt 0:01:15]} Kg7 {[%emt 0:00:01]} 39. Nf5+ {[%emt 0:02:47]} Bxf5 {[%emt 0:00:33]} 40. exf5 {[%emt 0:00:07]} Qb7 {[%emt 0:05:32]} 41. c5 {[%emt 0:38:45]} dxc5 {[%emt 0:32:16]} 42. Qxc5 {[%emt 0:00:00]} Qd7 {[%emt 0:00:00]} 43. Qd4 {[%emt 0:00:00]} Qxd4 {[%emt 0:00:00]} 44. Ne6+ {[%emt 0:00:00]} Kf7 {[%emt 0:00:00]} 45. Nxd4 {[%emt 0:00:00]} c5 {[%emt 0:00:00]} 46. Ne6 {[%emt 0:00:00]} Rxb3 {[%emt 0:00:00]} 47. Nxc5 {[%emt 0:00:00]} Rxa3 {[%emt 0:00:00]} 48. Rh7+ {[%emt 0:00:00]} Kg8 {[%emt 0:00:00]} 49. Re7 {[%emt 0:00:00]} Ng4 {[%emt 0:00:00]} 50. Re6 {[%emt 0:02:26]} Ne3+ {[%emt 0:00:00]} 51. Kh3 {[%emt 0:00:11]} Nxf5 {[%emt 0:00:00]} 52. Ne4 {[%emt 0:00:07]} Kg7 {[%emt 0:00:42]} 53. Kh2 {[%emt 0:02:34]} Re3 {[%emt 0:03:24]} 54. Nc5 {[%emt 0:02:44]} 1/2-1/2

[Event "8th Amsterdam Summer Open-A 2018"]
[Site "Amsterdam"]
[Date "2018.07.13"]
[Round "7"]
[White "Floor, Dirk"]
[Black "Pham, Khoi"]
[Result "1/2-1/2"]
[WhiteElo "2196"]
[BlackElo "2037"]
[Annotator "NA"]
[PlyCount "189"]
[EventDate "2018.07.07"]
[EventType "swiss"]
[EventCountry "NED"]
[SourceTitle "playchess.com"]
[Source "ChessBase"]
[SourceQuality "1"]
[TimeControl "40/5400+30:1800+30"]

1. Nf3 {[%emt 0:00:00]} d6 {[%emt 0:00:00]} 2. d4 {[%emt 0:00:15]} Nf6 {[%emt 0:00:00]} 3. g3 {[%emt 0:00:12]} g6 {[%emt 0:00:03]} 4. Bg2 {[%emt 0:00:10]} Bg7 {[%emt 0:00:06]} 5. O-O {[%emt 0:00:16]} O-O {[%emt 0:00:11]} 6. c4 {[%emt 0:00:05]} Nbd7 {[%emt 0:00:08]} 7. Nc3 {[%emt 0:00:12]} e5 {[%emt 0:00:04]} 8. e4 {[%emt 0:00:09]} c6 {[%emt 0:00:06]} 9. h3 {[%emt 0:00:12]} Re8 {[%emt 0:00:15]} 10. Be3 {[%emt 0:00:19]} a5 {[%emt 0:00:14]} 11. Qc2 {[%emt 0:02:50]} exd4 {[%emt 0:01:02]} 12. Nxd4 {[%emt 0:01:03]} Nc5 {[%emt 0:00:26]} 13. Rad1 {[%emt 0:02:17]} Nfd7 {[%emt 0:00:40]} 14. b3 {[%emt 0:01:15]} h5 {[%emt 0:07:40]} 15. Rd2 {[%emt 0:11:49]} h4 {[%emt 0:04:15]} 16. g4 {[%emt 0:00:15]} Qb6 {[%emt 0:06:58]} 17. Nde2 {[%emt 0:08:00]} Qb4 {[%emt 0:02:54]} 18. Rfd1 {[%emt 0:09:16]} a4 $14 {[%emt 0:05:26]} 19. Rxd6 {[%emt 0:04:40]} axb3 {[%emt 0:04:01]} 20. axb3 {[%emt 0:00:16]} Ra3 {[%emt 0:25:52]} 21. Bxc5 {[%emt 0:08:40]} Nxc5 {[%emt 0:01:44]} 22. Rd8 {[%emt 0:00:27]} Kf8 {[%emt 0:02:45]} 23. Rxe8+ {[%emt 0:05:53]} Kxe8 {[%emt 0:01:40]} 24. Qd2 {[%emt 0:00:54]} Bd7 {[%emt 0:00:14]} 25. Qd6 {[%emt 0:02:52]} Rxb3 {[%emt 0:07:42]} 26. Qb8+ {[%emt 0:02:42]} Ke7 {[%emt 0:00:59]} 27. Qd6+ {[%emt 0:00:55]} Ke8 {[%emt 0:00:06]} 28. e5 {[%emt 0:06:09]} Bf8 {[%emt 0:05:49]} 29. Qb8+ {[%emt 0:01:52]} Ke7 {[%emt 0:02:46]} 30. Qd6+ {[%emt 0:01:08]} Ke8 {[%emt 0:00:05]} 31. Qb8+ {[%emt 0:00:06]} Ke7 {[%emt 0:00:05]} 32. Nd5+ {[%emt 0:01:01]} cxd5 {[%emt 0:00:54]} 33. cxd5 {[%emt 0:02:56]} Rd3 {[%emt 0:13:38]} 34. Qd6+ {[%emt 0:04:38]} Ke8 {[%emt 0:00:11]} 35. Qb8+ {[%emt 0:00:07]} Ke7 {[%emt 0:00:03]} 36. d6+ {[%emt 0:05:19]} Ke6 {[%emt 0:00:57]} 37. Rxd3 {[%emt 0:00:33]} Nxd3 {[%emt 0:01:14]} 38. Qxf8 {[%emt 0:00:31]} Kxe5 {[%emt 0:01:39]} 39. Qe7+ {[%emt 0:05:21]} Be6 {[%emt 0:00:14]} 40. Qxh4 {[%emt 0:04:17]} Qe1+ {[%emt 0:02:53]} 41. Bf1 {[%emt 0:30:18]} Qd2 {[%emt 0:13:03]} 42. Qg3+ {[%emt 0:00:00]} Kf6 {[%emt 0:03:13]} 43. Qf3+ {[%emt 0:00:00]} Kg7 {[%emt 0:00:16]} 44. Qxb7 {[%emt 0:00:00]} Ne5 {[%emt 0:00:37]} 45. Qe4 {[%emt 0:00:00]} Qxd6 {[%emt 0:00:48]} 46. Bg2 {[%emt 0:00:00]} Bd7 {[%emt 0:04:55]} 47. f4 {[%emt 0:00:00]} Nd3 {[%emt 0:02:38]} 48. Qe3 {[%emt 0:00:00]} Nc5 {[%emt 0:05:07]} 49. Bf3 {[%emt 0:00:00]} Ne6 {[%emt 0:01:31]} 50. h4 {[%emt 0:00:00]} Bb5 {[%emt 0:01:08]} 51. Nc3 {[%emt 0:00:00]} Bc4 {[%emt 0:00:43]} 52. Qe5+ {[%emt 0:00:00]} Qxe5 {[%emt 0:00:15]} 53. fxe5 {[%emt 0:00:00]} f6 {[%emt 0:00:04]} 54. exf6+ {[%emt 0:00:00]} Kxf6 {[%emt 0:00:08]} 55. Kf2 {[%emt 0:00:50]} Ke5 {[%emt 0:02:05]} 56. Ke3 {[%emt 0:00:46]} Nf4 {[%emt 0:00:46]} 57. Be4 {[%emt 0:00:46]} Be6 {[%emt 0:01:01]} 58. Kf3 {[%emt 0:02:22]} Bc4 {[%emt 0:00:53]} 59. g5 {[%emt 0:00:48]} Bf7 {[%emt 0:00:59]} 60. Ke3 {[%emt 0:01:19]} Ne6 {[%emt 0:00:31]} 61. Ne2 {[%emt 0:01:09]} Ng7 {[%emt 0:01:26]} 62. Nc1 {[%emt 0:01:04]} Nf5+ {[%emt 0:00:31]} 63. Bxf5 {[%emt 0:00:10]} Kxf5 {[%emt 0:00:14]} 64. Nd3 {[%emt 0:00:21]} Bd5 {[%emt 0:01:04]} 65. Nf2 {[%emt 0:00:48]} Bb7 {[%emt 0:00:42]} 66. Kd4 {[%emt 0:01:06]} Kf4 {[%emt 0:00:29]} 67. Nd3+ {[%emt 0:00:44]} Kf5 {[%emt 0:01:16]} 68. Ne5 {[%emt 0:00:28]} Bg2 {[%emt 0:00:34]} 69. Nc4 {[%emt 0:00:30]} Bf3 {[%emt 0:00:36]} 70. Nd6+ {[%emt 0:00:30]} Ke6 {[%emt 0:00:46]} 71. Ne8 {[%emt 0:00:14]} Bg4 {[%emt 0:00:23]} 72. Ke4 {[%emt 0:00:51]} Ke7 {[%emt 0:00:40]} 73. Nf6 {[%emt 0:00:14]} Bf5+ {[%emt 0:00:04]} 74. Ke5 {[%emt 0:00:09]} Bb1 {[%emt 0:00:19]} 75. Ng8+ {[%emt 0:01:21]} Kf7 {[%emt 0:00:14]} 76. Nh6+ {[%emt 0:00:10]} Ke7 {[%emt 0:00:08]} 77. Ng4 {[%emt 0:00:24]} Bc2 {[%emt 0:00:12]} 78. Ne3 {[%emt 0:00:15]} Bb3 {[%emt 0:00:38]} 79. Ng2 {[%emt 0:02:23]} Bc2 {[%emt 0:00:16]} 80. Nf4 {[%emt 0:00:11]} Bb1 {[%emt 0:00:45]} 81. Nd5+ {[%emt 0:00:06]} Kf7 {[%emt 0:00:27]} 82. Kd6 {[%emt 0:00:06]} Bd3 {[%emt 0:00:33]} 83. Nb4 {[%emt 0:00:16]} Bb5 {[%emt 0:00:36]} 84. Nd5 {[%emt 0:00:20]} Bd3 {[%emt 0:00:15]} 85. Nf6 {[%emt 0:00:21]} Bf5 {[%emt 0:00:53]} 86. Nd7 {[%emt 0:00:09]} Ke8 {[%emt 0:00:49]} 87. Ne5 {[%emt 0:00:48]} Kf8 {[%emt 0:00:14]} 88. Nf3 {[%emt 0:01:53]} Kf7 {[%emt 0:00:16]} 89. Ke5 {[%emt 0:00:38]} Bb1 {[%emt 0:00:19]} 90. Nh2 {[%emt 0:00:40]} Ke7 {[%emt 0:00:28]} 91. Ng4 {[%emt 0:00:49]} Bc2 {[%emt 0:00:23]} 92. Nf6 {[%emt 0:00:56]} Bb1 {[%emt 0:00:47]} 93. h5 {[%emt 0:00:22]} gxh5 {[%emt 0:00:10]} 94. Nxh5 {[%emt 0:00:10]} Kf7 {[%emt 0:00:13]} 95. Nf4 {[%emt 0:00:27]} 1/2-1/2

[Event "8th Amsterdam Summer Open-A 2018"]
[Site "Amsterdam"]
[Date "2018.07.13"]
[Round "7"]
[White "Elgersma, Onno"]
[Black "Theulings, Paul-Peter"]
[Result "1-0"]
[WhiteElo "2150"]
[BlackElo "2088"]
[Annotator "NA"]
[PlyCount "69"]
[EventDate "2018.07.07"]
[EventType "swiss"]
[EventCountry "NED"]
[SourceTitle "playchess.com"]
[Source "ChessBase"]
[SourceQuality "1"]
[TimeControl "40/5400+30:1800+30"]

1. Nf3 {[%emt 0:15:48]} Nf6 {[%emt 0:00:00]} 2. g3 {[%emt 0:00:23]} c5 {[%emt 0:01:23]} 3. Bg2 {[%emt 0:00:00]} d5 {[%emt 0:01:39]} 4. O-O {[%emt 0:00:00]} g6 {[%emt 0:01:04]} 5. d3 {[%emt 0:00:00]} Nc6 {[%emt 0:01:40]} 6. Nbd2 {[%emt 0:01:23]} Bg7 {[%emt 0:00:33]} 7. e4 {[%emt 0:01:30]} O-O {[%emt 0:01:05]} 8. Re1 {[%emt 0:03:36]} e6 {[%emt 0:06:32] LiveBook: 212 Partien} 9. Qe2 {[%emt 0:12:00]} b6 {[%emt 0:02:13]} 10. a3 $15 {[%emt 0:06:51]} a5 {[%emt 0:05:58]} 11. c3 {[%emt 0:14:51]} Ba6 {[%emt 0:03:50]} 12. Rd1 {[%emt 0:01:21]} Re8 {[%emt 0:04:50]} 13. Ne1 {[%emt 0:03:49]} Qc7 {[%emt 0:05:05]} 14. a4 {[%emt 0:07:17]} Rad8 {[%emt 0:01:31]} 15. Rb1 {[%emt 0:07:08]} h6 {[%emt 0:03:31]} 16. h3 {[%emt 0:03:11]} Rd7 {[%emt 0:05:02]} 17. Qe3 {[%emt 0:03:52]} Red8 {[%emt 0:02:23]} 18. exd5 {[%emt 0:09:42]} Nxd5 {[%emt 0:01:02]} 19. Qe4 {[%emt 0:01:50]} Ne5 {[%emt 0:04:53]} 20. Ndf3 {[%emt 0:02:20]} Nxd3 {[%emt 0:10:34]} 21. Rxd3 {[%emt 0:01:56]} Bxd3 {[%emt 0:00:47]} 22. Nxd3 {[%emt 0:00:03]} Nf6 {[%emt 0:00:27]} 23. Qe5 {[%emt 0:00:34]} Qc6 {[%emt 0:03:26]} 24. Nde1 {[%emt 0:00:34]} Qxa4 {[%emt 0:01:06]} 25. Qe2 {[%emt 0:00:37]} Qa2 {[%emt 0:02:33]} 26. Qc2 {[%emt 0:00:05]} Rd1 {[%emt 0:01:40]} 27. Bf1 {[%emt 0:00:12]} a4 {[%emt 0:04:10]} 28. Be2 {[%emt 0:00:10]} R1d7 {[%emt 0:00:43]} 29. Ne5 {[%emt 0:00:13]} Rd5 {[%emt 0:01:50]} 30. Bc4 {[%emt 0:00:16]} Qxb1 {[%emt 0:06:29]} 31. Qxb1 {[%emt 0:00:06]} Rxe5 {[%emt 0:00:05]} 32. Nf3 {[%emt 0:00:25]} Rd1+ {[%emt 0:01:15]} 33. Kg2 {[%emt 0:00:22]} Rf5 {[%emt 0:02:39]} 34. Qc2 {[%emt 0:01:36]} Rd8 {[%emt 0:00:29]} 35. g4 {[%emt 0:00:08]} 1-0

[Event "8th Amsterdam Summer Open-A 2018"]
[Site "Amsterdam"]
[Date "2018.07.13"]
[Round "7"]
[White "Cornelisse, John"]
[Black "Romkes, Abel"]
[Result "1-0"]
[WhiteElo "2132"]
[BlackElo "2018"]
[Annotator "NA"]
[PlyCount "67"]
[EventDate "2018.07.07"]
[EventType "swiss"]
[EventCountry "NED"]
[SourceTitle "playchess.com"]
[Source "ChessBase"]
[SourceQuality "1"]
[TimeControl "40/5400+30:1800+30"]

1. c4 {[%emt 0:00:00]} Nf6 {[%emt 0:00:00]} 2. Nc3 {[%emt 0:00:00]} e6 {[%emt 0:00:00]} 3. d4 {[%emt 0:00:31]} Bb4 {[%emt 0:00:00]} 4. e3 {[%emt 0:00:06]} O-O {[%emt 0:00:16]} 5. Bd3 {[%emt 0:00:10]} c5 {[%emt 0:00:18]} 6. Nf3 {[%emt 0:00:32]} d5 {[%emt 0:00:11]} 7. O-O {[%emt 0:00:15]} dxc4 {[%emt 0:00:46]} 8. Bxc4 {[%emt 0:00:07]} cxd4 {[%emt 0:00:08]} 9. exd4 {[%emt 0:00:04]} b6 {[%emt 0:00:08]} 10. Bg5 {[%emt 0:00:37]} Bb7 {[%emt 0:00:07]} 11. Re1 {[%emt 0:00:37]} Nbd7 {[%emt 0:02:36]} 12. Rc1 {[%emt 0:01:08]} Rc8 {[%emt 0:01:21]} 13. Qb3 {[%emt 0:02:16]} Be7 {[%emt 0:03:26]} 14. Bxf6 {[%emt 0:01:48]} Nxf6 {[%emt 0:03:02]} 15. Bxe6 {[%emt 0:02:09]} Rc7 {[%emt 0:04:09]} 16. Ng5 {[%emt 0:09:08]} Qxd4 {[%emt 0:03:33]} 17. Bxf7+ $17 {[%emt 0:09:55]} (17. Nxf7 $11 {remains equal.} Bc5 18. Nd8+ Kh8 19. Nxb7 Qxf2+ 20. Kh1 Rxb7 21. Qb5) 17... Kh8 {[%emt 0:05:32]} 18. Qd1 {[%emt 0:29:37]} Qh4 {[%emt 0:12:02]} 19. Qd2 {[%emt 0:10:03]} Ng4 {[%emt 0:12:07]} 20. Nh3 {[%emt 0:01:26]} Bc5 {[%emt 0:09:01]} 21. Bd5 {[%emt 0:10:03]} Nxf2 {[%emt 0:06:04]} 22. Nxf2 {[%emt 0:02:00]} Bxf2+ {[%emt 0:03:32]} 23. Kh1 {[%emt 0:00:40]} Bxe1 {[%emt 0:00:38]} 24. Rxe1 {[%emt 0:00:05]} Bxd5 {[%emt 0:01:22]} 25. Nxd5 {[%emt 0:00:34]} Rcf7 {[%emt 0:00:43]} 26. g3 {[%emt 0:02:05]} Qd8 {[%emt 0:03:09]} 27. Qg2 {[%emt 0:05:26]} Rd7 {[%emt 0:05:36]} 28. Nf4 {[%emt 0:00:55]} Qa8 {[%emt 0:02:35]} 29. Qxa8 {[%emt 0:02:52]} Rxa8 {[%emt 0:00:06]} 30. Kg2 {[%emt 0:00:15]} Rd2+ {[%emt 0:00:34]} 31. Kf3 {[%emt 0:00:27]} Rxb2 {[%emt 0:00:55]} 32. Re7 {[%emt 0:00:47]} Rxa2 {[%emt 0:02:03]} 33. Nh5 {[%emt 0:00:16]} g6 {[%emt 0:08:39]} 34. Nf6 {[%emt 0:00:21]} 1-0

[Event "8th Amsterdam Summer Open-A 2018"]
[Site "Amsterdam"]
[Date "2018.07.13"]
[Round "7"]
[White "Vroombout, Enrico"]
[Black "Kohler, Aran"]
[Result "0-1"]
[WhiteElo "2132"]
[BlackElo "2175"]
[Annotator "NA"]
[PlyCount "70"]
[EventDate "2018.07.07"]
[EventType "swiss"]
[EventCountry "NED"]
[SourceTitle "playchess.com"]
[Source "ChessBase"]
[SourceQuality "1"]
[TimeControl "40/5400+30:1800+30"]

1. d4 {[%emt 0:00:00]} d5 {[%emt 0:00:00]} 2. c4 {[%emt 0:00:00]} c6 {[%emt 0:00:00]} 3. Nf3 {[%emt 0:00:00]} Nf6 {[%emt 0:00:00]} 4. Nc3 {[%emt 0:00:00]} e6 {[%emt 0:00:00]} 5. Bg5 {[%emt 0:00:00]} dxc4 {[%emt 0:00:01]} 6. e4 {[%emt 0:00:00]} b5 {[%emt 0:00:08]} 7. e5 {[%emt 0:00:00]} h6 {[%emt 0:00:07]} 8. Bh4 {[%emt 0:00:05]} g5 {[%emt 0:00:08]} 9. Nxg5 {[%emt 0:00:04]} hxg5 {[%emt 0:00:10]} 10. Bxg5 {[%emt 0:00:03]} Be7 {[%emt 0:00:10]} 11. exf6 {[%emt 0:00:04]} Bxf6 {[%emt 0:00:05]} 12. Bxf6 {[%emt 0:00:34]} Qxf6 {[%emt 0:00:09]} 13. g3 {[%emt 0:02:59]} Na6 {[%emt 0:00:06]} 14. Ne4 {[%emt 0:10:28]} Qe7 {[%emt 0:00:27]} 15. Qf3 {[%emt 0:22:42]} f5 {[%emt 0:07:22]} 16. Nc5 $15 {[%emt 0:02:31]} Nxc5 {[%emt 0:12:54]} 17. dxc5 {[%emt 0:30:51]} Qxc5 {[%emt 0:01:11]} 18. Qc3 {[%emt 0:00:09]} O-O {[%emt 0:05:53]} 19. Rd1 {[%emt 0:08:24]} a5 {[%emt 0:01:44]} 20. Bg2 {[%emt 0:04:29]} Ra7 {[%emt 0:03:26]} 21. O-O {[%emt 0:00:29]} e5 {[%emt 0:01:01]} 22. Rfe1 {[%emt 0:01:52]} e4 {[%emt 0:00:06]} 23. Rd4 {[%emt 0:02:07]} Be6 {[%emt 0:01:12]} 24. Bxe4 {[%emt 0:01:46]} fxe4 {[%emt 0:00:07]} 25. Rexe4 {[%emt 0:00:03]} Rd7 {[%emt 0:02:57]} 26. Qe3 {[%emt 0:04:13]} Rxd4 {[%emt 0:00:34]} 27. Rxd4 {[%emt 0:00:11]} Qf5 {[%emt 0:00:14]} 28. h3 {[%emt 0:03:56]} Rf6 {[%emt 0:07:37]} 29. Rg4+ {[%emt 0:02:38]} Kf8 {[%emt 0:00:07]} 30. Qb6 {[%emt 0:01:23]} Qxf2+ {[%emt 0:00:16]} 31. Qxf2 {[%emt 0:00:12]} Rxf2 {[%emt 0:00:04]} 32. Kxf2 {[%emt 0:00:03]} Bxg4 {[%emt 0:00:06]} 33. hxg4 {[%emt 0:00:03]} b4 {[%emt 0:06:49]} 34. Ke3 {[%emt 0:00:50]} a4 {[%emt 0:01:09]} 35. Kd2 {[%emt 0:00:53]} Kf7 {[%emt 0:00:41]} 0-1

[Event "8th Amsterdam Summer Open-A 2018"]
[Site "Amsterdam"]
[Date "2018.07.13"]
[Round "7"]
[White "Brouwer, Rein"]
[Black "De Jong, Tom"]
[Result "1/2-1/2"]
[WhiteElo "2062"]
[BlackElo "2201"]
[Annotator "NA"]
[PlyCount "52"]
[EventDate "2018.07.07"]
[EventType "swiss"]
[EventCountry "NED"]
[SourceTitle "playchess.com"]
[Source "ChessBase"]
[SourceQuality "1"]
[TimeControl "40/5400+30:1800+30"]

1. d4 {[%emt 0:00:00]} Nf6 {[%emt 0:00:00]} 2. c4 {[%emt 0:00:00]} g6 {[%emt 0:00:00]} 3. Nc3 {[%emt 0:00:00]} Bg7 {[%emt 0:00:00]} 4. e4 {[%emt 0:00:06]} O-O {[%emt 0:00:00]} 5. Be2 {[%emt 0:00:10]} d6 {[%emt 0:00:07]} 6. Nf3 {[%emt 0:00:12]} e5 {[%emt 0:01:24]} 7. O-O {[%emt 0:00:11]} Nc6 {[%emt 0:00:19]} 8. d5 {[%emt 0:00:10]} Ne7 {[%emt 0:00:07]} 9. b4 {[%emt 0:00:34]} a5 {[%emt 0:00:23]} 10. Ba3 {[%emt 0:03:32]} axb4 {[%emt 0:00:08]} 11. Bxb4 {[%emt 0:00:02]} Re8 {[%emt 0:02:39]} 12. a4 {[%emt 0:08:56]} Bg4 {[%emt 0:06:23]} 13. h3 {[%emt 0:01:42]} Bxf3 {[%emt 0:00:30]} 14. Bxf3 {[%emt 0:00:08]} Bf8 {[%emt 0:06:24]} 15. a5 {[%emt 0:03:42]} c5 {[%emt 0:01:35]} 16. dxc6 {[%emt 0:02:36]} Nxc6 $11 {[%emt 0:00:07]} 17. Qa4 {[%emt 0:03:01]} Ra6 {[%emt 0:25:40]} 18. Nd5 {[%emt 0:05:34]} Nxd5 {[%emt 0:03:13]} 19. cxd5 {[%emt 0:00:56]} Nd4 {[%emt 0:06:23]} 20. Qd1 {[%emt 0:05:50]} b6 {[%emt 0:02:54]} 21. Be2 {[%emt 0:09:01]} Nxe2+ {[%emt 0:00:55]} 22. Qxe2 {[%emt 0:00:02]} Qa8 {[%emt 0:00:20]} 23. Ra4 {[%emt 0:07:18]} Rc8 {[%emt 0:05:23]} 24. Rfa1 {[%emt 0:01:32]} bxa5 {[%emt 0:05:52]} 25. Rxa5 {[%emt 0:03:04]} Rxa5 {[%emt 0:01:22]} 26. Rxa5 {[%emt 0:00:03]} Qb7 {[%emt 0:09:00]} 1/2-1/2

[Event "8th Amsterdam Summer Open-A 2018"]
[Site "Amsterdam"]
[Date "2018.07.14"]
[Round "8"]
[White "Riemersma, Li"]
[Black "Kokje, Joris"]
[Result "1-0"]
[WhiteElo "2458"]
[BlackElo "2242"]
[Annotator "TA"]
[PlyCount "95"]
[EventDate "2018.07.07"]
[EventType "swiss"]
[EventCountry "NED"]
[SourceTitle "playchess.com"]
[Source "ChessBase"]
[SourceQuality "1"]

{[%evp 18,95,32,32,52,51,54,47,55,54,47,48,57,50,75,72,79,83,78,59,89,33,33,35,63,66,56,7,14,14,59,56,55,60,48,58,153,140,168,176,175,168,200,145,187,159,200,186,164,150,318,318,318,318,318,318,318,0,318,0,318,318,318,318,318,318,733,322,5439,6097,2316,2316,29964,29966,12833,11839,29966,29967,6604,6140]} 1. c4 Nf6 2. g3 g6 3. Bg2 Bg7 4. Nc3 d6 5. Nf3 O-O 6. O-O Nc6 7. d4 a6 8. b3 Rb8 9. e3 e5 {E63: King's Indian: Fianchetto: Panno Variation with 7...a6} 10. dxe5 {LiveBook: 5 Games} Nxe5 $146 ({Predecessor:} 10... dxe5 11. Ba3 Re8 12. Qxd8 Rxd8 13. Rad1 Be6 14. Ng5 Bg4 15. Rxd8+ Rxd8 16. Bxc6 bxc6 17. f3 {½-½ (42) Laznicka,V (2636)-Rasik,V (2480) Hustopece 2010}) 11. Nxe5 dxe5 {White is slightly better.} 12. Ba3 Qxd1 13. Rfxd1 Re8 14. Nd5 Nxd5 15. cxd5 {And now Rac1 would win.} (15. Bxd5 $2 e4 $19) 15... Bf8 16. Bxf8 Kxf8 17. Rac1 Re7 18. Rc5 Ke8 19. d6 ({Better is} 19. e4 $16) 19... cxd6 $14 20. Rxd6 Bd7 21. Bd5 $36 {[%mdl 2048] White fights for an advantage.} Rc8 22. b4 Rxc5 23. bxc5 $11 {[%mdl 4096] Endgame KRB-KRB} Bb5 24. Rb6 Rc7 25. Bxb7 Rxc5 26. Bxa6 Rc1+ (26... Bd7 $14) 27. Kg2 $16 Bxa6 28. Rxa6 {KR-KR} Ke7 29. g4 h6 30. h4 Rc2 31. Kg3 Rb2 32. h5 gxh5 33. gxh5 e4 $2 {[#]} (33... Kf8 $16 {was necessary.} 34. a4 (34. Rxh6 Rxa2 35. Rc6 Kg7 $18) 34... Kg7) 34. a4 $1 $18 {[%cal Ba2a4,Ba4a5,Ba5a6][%mdl 32]} (34. Rxh6 $6 Rxa2 35. Rb6 Ra5 $18) 34... Ra2 35. a5 ({Don't play} 35. Rxh6 $6 Rxa4 36. Rc6 Kf8 $18) 35... Kf8 36. Ra8+ ({Not} 36. Rxh6 Rxa5 37. Kg4 Ra1 $16) 36... Kg7 37. Ra6 Kf8 $1 38. Ra8+ ({Weaker is} 38. Rxh6 Rxa5 39. Kg4 Ra1 $18) 38... Kg7 $1 {[#]} 39. a6 $1 Kh7 40. Kf4 Rxf2+ 41. Kxe4 Kg7 $2 (41... Rf6 42. Kd4 Rf5) 42. Kd5 (42. Rd8 $142 {a7 would kill now.} Ra2 43. Rd6) 42... Rf5+ $2 (42... Rf6 43. e4 Rf1) 43. Kc6 Ra5 44. Kb6 Ra1 45. Rb8 Rb1+ 46. Ka7 Re1 47. Rb3 Rd1 48. Kb7 {Precision: White = 60%, Black = 38%.} 1-0

[Event "8th Amsterdam Summer Open-A 2018"]
[Site "Amsterdam"]
[Date "2018.07.14"]
[Round "8"]
[White "Brink, Barry"]
[Black "Lai, Hing Ting"]
[Result "0-1"]
[WhiteElo "2342"]
[BlackElo "2447"]
[Annotator "TA"]
[PlyCount "80"]
[EventDate "2018.07.07"]
[EventType "swiss"]
[EventCountry "NED"]
[SourceTitle "playchess.com"]
[Source "ChessBase"]
[SourceQuality "1"]

{[%evp 9,80,-27,-13,-11,31,27,20,10,14,8,31,29,27,8,25,27,27,21,28,31,31,31,36,33,31,28,45,20,24,20,20,19,26,13,42,19,26,24,52,39,64,30,62,43,132,132,115,118,120,120,127,122,130,137,123,117,117,23,119,8,14,0,0,-72,0,-64,-42,-106,-114,-107,-27,-695,-688]} 1. f4 d5 2. Nf3 g6 3. g3 Bg4 $146 ({Predecessor:} 3... Bg7 4. Bg2 c6 5. d3 Nh6 6. c3 O-O 7. O-O Qb6+ 8. Kh1 Ng4 9. Qe1 Ne3 10. Bxe3 Qxe3 11. d4 Qe6 12. Nbd2 Nd7 13. e4 dxe4 14. Nxe4 {½-½ (73) Vachier Lagrave,M (2793)-Borisek,J (2576) chess.com INT 2018}) 4. Ne5 Bf5 5. b3 Be4 6. Rg1 {A03: Bird's Opening with 1...d5} Nd7 (6... f6 {keeps more tension.} 7. Ng4 Bf5 8. Ne3 Be6 9. d4 f5) 7. Bb2 {[#] Black must now prevent Nxd7.} Nxe5 8. Bxe5 {The position is equal.} f6 $1 {[%cal Rf6e5]} 9. Bb2 Qd7 10. Nc3 Bf5 11. Bg2 c6 12. e4 Bg4 13. Bf3 Bxf3 14. Qxf3 {[%cal Re4d5]} d4 15. Ne2 e5 16. g4 O-O-O 17. O-O-O Bd6 18. h4 Ne7 19. Rdf1 c5 20. f5 Rdf8 21. Ng3 Kc7 22. Kb1 b5 23. g5 a5 24. Qd3 Kb6 25. Rf3 Nc6 26. Qf1 Be7 (26... fxg5 $14 27. hxg5 Qf7) 27. fxg6 $16 hxg6 28. gxf6 {Hoping for h5.} Bd8 29. a4 bxa4 30. bxa4 {h5 is the strong threat.} Nb4 31. c3 Na6 32. cxd4 cxd4 {[#]} 33. Ba3 (33. h5 $1 $16 {[%cal Rh5g6]} gxh5 34. Rf5 Qxa4 35. Rxe5 (35. Nxh5 Bc7 $11) 35... Rxf6 36. Nf5) 33... Rf7 (33... Qxa4 $11 34. h5 (34. Bxf8 Rxf8 35. h5 gxh5 $16) 34... gxh5) 34. Rb3+ (34. Qc4 $16) 34... Ka7 $11 35. Qc4 $36 {[%mdl 2048] aiming for Bc5+. Black is under pressure.} Rxf6 36. Rc1 (36. Qd5 $11 {remains equal.} Qxd5 37. exd5) 36... Rb6 (36... Rxh4 $17 37. Bc5+ Bb6) 37. Rb5 ({White should try} 37. Rxb6 $11 Bxb6 38. Rf1) 37... Rxh4 $15 38. Bc5 (38. Ka2 $15) 38... Nxc5 $17 39. Qxc5 Rg4 (39... Rh2 $17 40. Nf1 Rh3) 40. Qxe5 $2 {[%mdl 8192]} (40. Rxb6 $11 Bxb6 41. Qxe5) 40... Rg5 {Precision: White = 40%, Black = 32%.} 0-1